000 00262nam a2200109 a 4500
005 20140414132002.0
008 110217s19uu xx 00 eng d
050 _aTR 425
_bW84 2009
100 _aWong, C.K.
245 _aPrimary level English 4.
999 _c113098
_d113098